Statistics for Every Premier League Player to Score 15+ Goals in a Season

Click here to take the quiz!

General Stats

  • This quiz has been taken 55 times
    (40 since last reset)
  • The average score is 65 of 118

Answer Stats

SeasonPlayerClub(s)Nationality#% Correct
2014/15Harry KaneTottenham HotspurEnglish21
95%
2017/18Mohamed SalahLiverpoolEgyptian32
92%
2006/07Cristiano RonaldoManchester UnitedPortuguese17
89%
2022/23Erling HaalandManchester CityNorwegian36
89%
2011/12Sergio AgüeroManchester CityArgentinian23
89%
1992/93Alan ShearerBlackburn RoversEnglish16
86%
2006/07Didier DrogbaChelseaIvorian20
86%
2015/16Jamie VardyLeicester CityEnglish24
86%
2019/20Marcus RashfordManchester UnitedEnglish17
86%
2018/19Sadio ManéLiverpoolSenegalese22
86%
2020/21Son Heung-MinTottenham HotspurSouth Korean17
86%
1999/00Thierry HenryArsenalFrench17
86%
2021/22Kevin De BruyneManchester CityBelgian15
84%
2012/13Luis SuárezLiverpoolUruguayan23
84%
2010/11Robin van PersieArsenalDutch18
84%
2011/12Demba BaNewcastle UnitedSenegaleseese16
81%
2016/17Eden HazardChelseaBelgian16
81%
2022/23Martin ØdegaardArsenalNorwegian15
81%
2018/19Pierre-Emerick AubameyangArsenalGabonese22
81%
2017/18Raheem SterlingManchester CityEnglish18
81%
2015/16Riyad MahrezLeicester CityAlgerian17
81%
2017/18Roberto FirminoLiverpoolBrazilian15
81%
2008/09Steven GerrardLiverpoolEnglish16
81%
2016/17Zlatan IbrahimovicManchester UnitedSwedish17
81%
2019/20Anthony MartialManchester UnitedFrench17
78%
2020/21Bruno FernandesManchester UnitedPortuguese18
78%
2021/22Diogo JotaLiverpoolPortuguese15
78%
2007/08Fernando TorresLiverpoolSpanish24
78%
2005/06Frank LampardChelseaEnglish16
78%
2012/13Romelu LukakuWest Bromwich AlbionBelgian17
78%
2001/02Ruud van NistelrooyManchester UnitedDutch23
78%
1997/98Dennis BergkampArsenalDutch16
76%
2007/08Dimitar BerbatovTottenham HotspurBulgarian15
76%
2005/06Wayne RooneyManchester UnitedEnglish16
76%
2014/15Alexis SánchezArsenalChilean16
73%
1993/94Andrew ColeNewcastle UnitedEnglish34
73%
2022/23Callum WilsonNewcastle UnitedEnglish18
73%
2007/08Emmanuel AdebayorArsenalTogolese24
73%
1996/97Ole Gunnar SolskjaerManchester UnitedNorwegian18
73%
2013/14Yaya TouréManchester CityIvorian20
73%
2013/14Edin DzekoManchester CityBosnian16
70%
1997/98Michael OwenLiverpoolEnglish18
70%
1998/99Nicolas AnelkaArsenalFrench17
70%
2019/20Raúl JiménezWolverhampton WanderersMexican17
70%
1994/95Robbie FowlerLiverpoolEnglish25
70%
2005/06Robbie KeaneTottenham HotspurIrish16
70%
2014/15Diego CostaChelseaSpanish20
68%
2020/21Dominic Calvert-LewinEvertonEnglish16
68%
2013/14Olivier GiroudArsenalFrench16
68%
2013/14Daniel SturridgeLiverpoolEnglish21
65%
2005/06Darren BentCharlton AthleticEnglish18
65%
2016/17Dele AlliTottenham HotspurEnglish18
65%
1995/96Dwight YorkeAston VillaTrinidadian17
65%
1992/93Eric CantonaLeeds United/Manchester UnitedFrench15
65%
2009/10Carlos TevezManchester CityArgentinian23
62%
2012/13Christian BentekeAston VillaBelgian19
62%
2012/13Gareth BaleTottenham HotspurWelsh21
62%
1997/98Jimmy Floyd HasselbainkLeeds UnitedDutch16
62%
2020/21Patrick BamfordLeeds UnitedEnglish17
62%
1992/93Teddy SheringhamNottingham Forest/Tottenham HotspurEnglish22
62%
1992/93Matt Le TissierSouthamptonEnglish15
59%
2009/10Cesc FàbregasArsenalSpanish15
57%
2011/12Clint DempseyFulhamAmerican17
57%
2019/20Danny IngsSouthamptonEnglish22
57%
2022/23Gabriel MartinelliArsenalBrazilian15
57%
2009/10Jermain DefoeTottenham HotspurEnglish18
57%
2003/04Louis SahaFulham/Manchester UnitedFrench20
57%
1992/93Ian WrightArsenalEnglish15
54%
1994/95Jürgen KlinsmannTottenham HotspurGerman20
54%
1992/93Les FerdinandQueens Park RangersEnglish20
54%
2000/01Mark VidukaLeeds UnitedAustralian17
54%
1993/94Chris SuttonNorwich CityEnglish25
51%
1997/98Dion DublinCoventry CityEnglish18
51%
2022/23Ivan ToneyBrentfordEnglish20
51%
1999/00Kevin PhillipsSunderlandEnglish30
51%
2022/23Ollie WatkinsAston VillaEnglish15
51%
2016/17Joshua KingBournemouthNorwegian16
49%
2019/20Tammy AbrahamChelseaEnglish15
49%
2013/14Wilfried BonySwansea CityIvorian16
49%
2012/13MichuSwansea CitySpanish18
46%
1999/00Paolo Di CanioWest Ham UnitedItalian16
46%
2007/08Roque Santa CruzBlackburn RoversParaguayan19
46%
1992/93Mark HughesManchester UnitedWelsh15
41%
2003/04YakubuPortsmouthNigerian16
41%
2004/05Andrew JohnsonCrystal PalaceEnglish21
38%
1996/97Fabrizio RavanelliMiddlesbroughItalian16
35%
2016/17Fernando LlorenteSwansea CitySpanish15
35%
2006/07Benni McCarthyBlackburn RoversSouth African18
32%
2015/16Odion IghaloWatfordNigerian15
32%
2012/13Rickie LambertSouthamptonEnglish15
30%
1995/96Andrei KanchelskisEvertonRussian15
27%
2002/03James BeattieSouthamptonEnglish23
27%
1994/95Uwe RöslerManchester CityGerman15
27%
1992/93Chris ArmstrongCrystal PalaceEnglish15
24%
2003/04Juan Pablo ÁngelAston VillaColombian16
24%
2000/01Marcus StewartIpswich TownEnglish19
24%
2003/04Mikael ForssellBirmingham CityFinnish17
24%
2010/11Peter OdemwingieWest Bromwich AlbionNigerian15
24%
1992/93Brian DeaneSheffield UnitedEnglish15
22%
2011/12Grant HoltNorwich CityEnglish15
22%
1994/95Stan CollymoreNottingham ForestEnglish22
22%
2007/08BenjaniPortsmouth/Manchester CityZimbabwean15
19%
2014/15Charlie AustinQueens Park RangersEnglish18
19%
1993/94Kevin CampbellArsenalEnglish15
19%
1992/93Micky QuinnCoventry CityEnglish17
19%
1993/94Peter BeardsleyNewcastle UnitedEnglish21
19%
1994/95Dean SaundersAston VillaWelsh15
16%
1997/98John HartsonWest Ham UnitedWelsh15
16%
1997/98Kevin GallacherBlackburn RoversScottish16
16%
1992/93Dean HoldsworthWimbledonEnglish19
14%
2013/14Jay RodríguezSouthamptonEnglish15
14%
1993/94Mark BrightSheffield WednesdayEnglish19
14%
1999/00Michael BridgesLeeds UnitedEnglish19
14%
1993/94Tony CotteeEvertonEnglish16
14%
1992/93Lee ChapmanLeeds UnitedEnglish15
11%
1993/94Rod WallaceLeeds UnitedEnglish17
11%
1998/99Hamilton RicardMiddlesbroughColombian15
8%
1992/93David WhiteManchester CityEnglish16
5%

Score Distribution

Percentile by Number Answered

Percent of People with Each Score

Your Score History

You have not taken this quiz since the last reset